La posture critique en sociologie de l'éducation. Tentatives d'état des lieux et de perspectives d'avenir (notice n° 1586287)

détails MARC
000 -LEADER
fixed length control field 01110cam a2200193 4500500
005 - DATE AND TIME OF LATEST TRANSACTION
control field 20251228054850.0
041 ## - LANGUAGE CODE
Language code of text/sound track or separate title fre
042 ## - AUTHENTICATION CODE
Authentication code dc
100 10 - MAIN ENTRY--PERSONAL NAME
Personal name Van Haecht, Anne
Relator term author
245 00 - TITLE STATEMENT
Title La posture critique en sociologie de l'éducation. Tentatives d'état des lieux et de perspectives d'avenir
260 ## - PUBLICATION, DISTRIBUTION, ETC.
Date of publication, distribution, etc. 2004.<br/>
500 ## - GENERAL NOTE
General note 22
520 ## - SUMMARY, ETC.
Summary, etc. PRÉSENTATION La posture critique en sociologie de l’éducation : tentatives d’état des lieux et de perspectives d’avenir
520 ## - SUMMARY, ETC.
Summary, etc. INTRODUCTION The critical stance in sociology of education : assessing its current situation and thinking of future prospects
520 ## - SUMMARY, ETC.
Summary, etc. PRESENTACIÓN La postura crítica en sociología de la educación : tentativa de observación crítica y de perspectivas futuras
520 ## - SUMMARY, ETC.
Summary, etc. EINFÜHRUNG Die kritische Stellung in der Erziehungssoziologie : Versuche einer Bestandsaufnahme und Zukunftsperspektiven
786 0# - DATA SOURCE ENTRY
Note Éducation et Sociétés | 13 | 1 | 2004-03-01 | p. 5-10 | 1373-847X
856 41 - ELECTRONIC LOCATION AND ACCESS
Uniform Resource Identifier <a href="https://shs.cairn.info/revue-education-et-societes-2004-1-page-5?lang=fr&redirect-ssocas=7080">https://shs.cairn.info/revue-education-et-societes-2004-1-page-5?lang=fr&redirect-ssocas=7080</a>

Pas d'exemplaire disponible.

PLUDOC

PLUDOC est la plateforme unique et centralisée de gestion des bibliothèques physiques et numériques de Guinée administré par le CEDUST. Elle est la plus grande base de données de ressources documentaires pour les Étudiants, Enseignants chercheurs et Chercheurs de Guinée.

Adresse

627 919 101/664 919 101

25 boulevard du commerce
Kaloum, Conakry, Guinée

Réseaux sociaux

Powered by Netsen Group @ 2025